Architects' sketchbooks / (Record no. 353655)

000 -LEADER
fixed length control field 00899cam a22002654a 4500
001 - CONTROL NUMBER
control field 16527049
003 - CONTROL NUMBER IDENTIFIER
control field OSt
005 - DATE AND TIME OF LATEST TRANSACTION
control field 20180116192414.0
008 - FIXED-LENGTH DATA ELEMENTS--GENERAL INFORMATION
fixed length control field 101101s2011 nyua 000 0 eng
010 ## - LIBRARY OF CONGRESS CONTROL NUMBER
LC control number 2010046627
020 ## - INTERNATIONAL STANDARD BOOK NUMBER
International Standard Book Number 9781935202462
040 ## - CATALOGING SOURCE
Original cataloging agency DLC
Transcribing agency DLC
050 00 - LIBRARY OF CONGRESS CALL NUMBER
Classification number NA2705
Item number .J66 2011
082 00 - DEWEY DECIMAL CLASSIFICATION NUMBER
Classification number 720.222
Edition number 22
100 1# - MAIN ENTRY--PERSONAL NAME
Personal name Jones, Will.
9 (RLIN) 6368
245 10 - TITLE STATEMENT
Title Architects' sketchbooks /
Statement of responsibility, etc. Will Jones ; foreword by Narinder Sagoo.
260 ## - PUBLICATION, DISTRIBUTION, ETC.
Place of publication, distribution, etc. New York, NY :
Name of publisher, distributor, etc. Metropolis Books,
Date of publication, distribution, etc. 2011.
300 ## - PHYSICAL DESCRIPTION
Extent 351 p. :
Other physical details ill. (some col.) ;
Dimensions 23 x 31 cm.
650 #0 - SUBJECT ADDED ENTRY--TOPICAL TERM
Topical term or geographic name entry element Architectural drawing.
9 (RLIN) 6369
650 #0 - SUBJECT ADDED ENTRY--TOPICAL TERM
Topical term or geographic name entry element Architectural rendering.
9 (RLIN) 6370
906 ## - LOCAL DATA ELEMENT F, LDF (RLIN)
a 7
b cbc
c orignew
d 1
e ecip
f 20
g y-gencatlg
942 ## - ADDED ENTRY ELEMENTS (KOHA)
Source of classification or shelving scheme
Koha item type Book
Holdings
Withdrawn status Lost status Source of classification or shelving scheme Damaged status Not for loan Permanent Location Current Location Date acquired Total Checkouts Total Renewals Full call number Barcode Date last seen Date last checked out Copy number Cost, replacement price Price effective from Koha item type
          School of Art Design and Architecture (SADA) School of Art Design and Architecture (SADA) 08/27/2012 19 14 720.222 JON 2011 SADA0001855 07/15/2016 05/26/2016 1 3896.00 02/15/2013 Book
© 2023 Central Library, National University of Sciences and Technology. All Rights Reserved.